|
|
|
|
| LEADER |
00000naa2a2200000 4500 |
| 001 |
403899 |
| 005 |
20231101070007.0 |
| 035 |
|
|
|a (RuTPU)RU\TPU\prd\50739
|
| 090 |
|
|
|a 403899
|
| 100 |
|
|
|a 20070511a2006 k y0rusy50 ca
|
| 101 |
0 |
|
|a rus
|
| 102 |
|
|
|a RU
|
| 200 |
1 |
|
|a Производительность обработки как критерий экономической целесообразности применения приспособлений с улучшенными эксплуатационными свойствами
|f В. Б. Ильицкий, В. В. Ерохин, И. В. Говоров
|
| 225 |
1 |
|
|a Экономика
|
| 320 |
|
|
|a Библиогр.: 3 назв.
|
| 461 |
|
0 |
|0 (RuTPU)RU\TPU\prd\1723
|x 0203-347X
|t Справочник. Инженерный журнал
|o научно-технический и производственный журнал
|d 2000-
|
| 463 |
|
0 |
|0 (RuTPU)RU\TPU\prd\50402
|t № 11
|v С. 46-50
|d 2006
|
| 610 |
1 |
|
|a станочные приспособления
|
| 610 |
1 |
|
|a эксплуатационные свойства
|
| 610 |
1 |
|
|a виброустойчивость
|
| 610 |
1 |
|
|a резание
|
| 610 |
1 |
|
|a улучшение
|
| 610 |
1 |
|
|a механическая обработка
|
| 610 |
1 |
|
|a производительность
|
| 610 |
1 |
|
|a критерии
|
| 675 |
|
|
|a 621.9.06
|v 3
|
| 675 |
|
|
|a 621.7.07
|v 3
|
| 675 |
|
|
|a 658.310.16
|v 3
|
| 700 |
|
1 |
|a Ильицкий
|b В. Б.
|
| 701 |
|
1 |
|a Ерохин
|b В. В.
|
| 701 |
|
1 |
|a Говоров
|b И. В.
|
| 801 |
|
1 |
|a RU
|b 63413507
|c 20070511
|g PSBO
|
| 801 |
|
2 |
|a RU
|b 63413507
|c 20140117
|g RCR
|
| 942 |
|
|
|c BK
|